Programming Embedded Systems in C and C++ (Record no. 192)
[ view plain ]
| 000 -LEADER | |
|---|---|
| fixed length control field | 00568nam a22002057a 4500 |
| 003 - CONTROL NUMBER IDENTIFIER | |
| control field | OSt |
| 005 - DATE AND TIME OF LATEST TRANSACTION | |
| control field | 20170208184850.0 |
| 008 - FIXED-LENGTH DATA ELEMENTS--GENERAL INFORMATION | |
| fixed length control field | 140714b xxu||||| |||| 00| 0 eng d |
| 020 ## - INTERNATIONAL STANDARD BOOK NUMBER | |
| International Standard Book Number | 9788173660764 |
| 040 ## - CATALOGING SOURCE | |
| Transcribing agency | DLNM |
| 082 ## - DEWEY DECIMAL CLASSIFICATION NUMBER | |
| Classification number | 005.13 BAR 1999 |
| 100 ## - MAIN ENTRY--PERSONAL NAME | |
| Personal name | Barr Michael |
| 9 (RLIN) | 495 |
| 245 ## - TITLE STATEMENT | |
| Title | Programming Embedded Systems in C and C++ |
| 260 ## - PUBLICATION, DISTRIBUTION, ETC. (IMPRINT) | |
| Place of publication, distribution, etc. | New Dheli; |
| Name of publisher, distributor, etc. | Shroff Publishers, |
| Date of publication, distribution, etc. | 1999 |
| 300 ## - PHYSICAL DESCRIPTION | |
| Extent | xvii,174 p.: |
| Other physical details | ill ; |
| Dimensions | 24 cm. |
| 504 ## - BIBLIOGRAPHY, ETC. NOTE | |
| Bibliography, etc | Includes Bibliography and index |
| 650 ## - SUBJECT ADDED ENTRY--TOPICAL TERM | |
| Topical term or geographic name as entry element | Programming |
| 9 (RLIN) | 496 |
| 650 ## - SUBJECT ADDED ENTRY--TOPICAL TERM | |
| Topical term or geographic name as entry element | Embedded systems |
| 9 (RLIN) | 497 |
| 942 ## - ADDED ENTRY ELEMENTS (KOHA) | |
| Source of classification or shelving scheme | Other/Generic Classification Scheme |
| Koha item type | Book Bank |
| Withdrawn status | Lost status | Source of classification or shelving scheme | Damaged status | Not for loan | Home library | Current library | Date acquired | Source of acquisition | Inventory number | Total Checkouts | Full call number | Barcode | Date last seen | Koha item type |
|---|---|---|---|---|---|---|---|---|---|---|---|---|---|---|
| Dewey Decimal Classification | MUST Main Library | MUST Main Library | 14/07/2014 | 12/36415 | 005.13 BAR 1999 | 2014-0693 | 14/07/2014 | Book Bank | ||||||
| Dewey Decimal Classification | MUST Main Library | MUST Main Library | 14/07/2014 | 12/36417 | 005.13 BAR 1999 | 2014-0694 | 14/07/2014 | Book Bank | ||||||
| Dewey Decimal Classification | MUST Main Library | MUST Main Library | 14/07/2014 | 12/36416 | 005.13 BAR 1999 | 2014-0695 | 14/07/2014 | Book Bank | ||||||
| Dewey Decimal Classification | MUST Main Library | MUST Main Library | 14/07/2014 | Purchase | 12/36414 | 005.13 BAR 1999 | 2014-0696 | 14/07/2014 | Open Shelf | |||||
| Dewey Decimal Classification | MUST Main Library | MUST Main Library | 14/07/2014 | 12/36413 | 005.13 BAR 1999 | 2014-0697 | 14/07/2014 | Book Bank | ||||||
| Dewey Decimal Classification | MUST Main Library | MUST Main Library | 18/07/2016 | 11/34225 | 005.13 BAR 1999 | 2016-3268 | 18/07/2016 | Open Shelf | ||||||
| Dewey Decimal Classification | MUST Main Library | MUST Main Library | 18/01/2017 | 11/34227 | 005.13 BAR 1999 | 2017-0035 | 18/01/2017 | Open Shelf |
